=LDR 00000nam 2200000 4500 =001 000569 =005 20250711125311 =035 ##$$a 0010-0725000437 =007 ta =008 250711################a##########0#ind## =020 ##$$a 978-623-118-844-1 =082 ##$$a 398.209 598 =084 ##$$a 398.209 598 PRA k =100 #$$a Pratiwi ambarwati =245 1#$$a Kapal kapten alka /$c Pratiwi ambarwati =250 ##$$a Cetakan pertama =260 ##$$a Rawamangun :$b Kementeria pendidikan, kebudayaan, riset, dan teknologi,$c 2022 =300 ##$$a 36 hlm. : $b Ilus. ; $c 29,7cm =650 #4$$a Cerita anak-indonesia =990 ##$$a TBM03300330